| 000 | 01298nam a2200361 i 4500 | ||
|---|---|---|---|
| 001 | 197536 | ||
| 003 | ES-MaACL | ||
| 005 | 20250805062643.0 | ||
| 007 | ta | ||
| 008 | 971126s1997 sp | ||| ||spa | ||
| 016 | 7 |
_abimoBNE19972272867 _2SpMaBN |
|
| 017 |
_aM 30273-1997 _bOficina Depósito Legal Madrid |
||
| 020 | _a8448302613 | ||
| 035 | _a(OCoLC)38548206 | ||
| 035 | _a(SpMaBN)bimo0000744418 | ||
| 035 | _a991032828769708606 | ||
| 040 |
_aSpMaBN _bspa _cSpMaBN _erdc |
||
| 080 | _a725.171(460.27 M.) | ||
| 100 | 1 |
_aSubirá, José, _d1882-1980 _9108686 _eaut |
|
| 245 | 1 | 0 |
_aHistoria y anecdotario del Teatro Real / _cJosé Subirá |
| 260 |
_aMadrid : _bFundación Caja de Madrid, _bAcento, _cD.L. 1997 |
||
| 300 |
_a820 p., [1] h. pleg. : _bil. ; _c25 cm |
||
| 336 |
_2rdacontent _atexto |
||
| 337 |
_2rdamedia _asin mediación |
||
| 338 |
_2rdacarrier _avolumen |
||
| 610 | 2 | 7 |
_aPalacio Real (Madrid) _9140906 |
| 852 |
_aES-MaACL _cDEPO1 _jA-15620 _hDonación: Fernando Codina Rodríguez _xEncuadernación cartoné con sobrecubiertas _9205978 |
||
| 903 |
_aCodina Rodríguez, Fernando _ednr _9238631 |
||
| 942 |
_n0 _cMONOGRAFIA |
||
| 999 |
_c197536 _d197536 |
||